000 00756cab a2200241 4500
001 ABS57656
008 090401t1997 xxu||||| |||| 00| 0 eng d
035 _a(Sirsi) u81139
041 _aeng
100 _aGray, M.
245 _aKeeping an eye on the lie of the land
260 _c1997
350 _a0
490 _aPlanning (for the Natural and Built Environment)
_v(1236) 12 September 1997, 18-19(2)
520 _aExplains the importance of landform or topography in planning terms and considers how it might be better integrated into the planning system.
650 _aDEVELOPMENT
650 _aLANDFORM
650 _aPLANNING POLICY
650 _aTOPOGRAPHY
690 _aPLANNING LAW AND PRACTICE
942 _n0
948 _c30/09/1997
999 _c51128
_d51128